000 01155nam a2200241Ia 4500
999 _c49164
_d49164
001 16075
003 GE_BSU
005 20241205172546.0
008 181216s2001||||ge |||||||||||||| ||geo||
020 _aISBN 99928-0-134-4 ქ-45
040 _cGE_BSU
041 _ageo
080 _a630(479.22)+ 581.526.42(479.22) ქ-45
100 _aქვაჩაკიძე, რევაზ
_923865
245 _aსაქართველოს ტყეები :
_bძირითადი ასოციაციები (ტყის ტიპები) /
_cრევაზ ქვაჩაკიძე ; [რედ. : მერაბ სვანიძე].
264 _aთბილისი :
_bმეცნიერება,
_c2001.
300 _a168 გვ. ;
_c20 სმ.
500 _aპარალელური თავფურცელი და რეზ ინგლისურ ენაზე
504 _aბიბლიოგრ. : გვ. 163
653 _aტყეები საქართველოში
700 _aსვანიძე, მერაბ
_eრედაქტორი
_923871
942 _cBK
_2udc